00916nam a2200217 i 4500001000700000003000900007005001700016008004100033100003900074245007400113260003500187300004900222490005200271504002800323651005800351651006500409830006000474852002200534999001900556952012300575184080ES-MaACL20250929063303.0150312s1968 fr |||| | fre d1 aBerl, Emmanuel, d1892-197692804813aLa fin de la IIIe République b: 10 juillet 1940 / cEmmanuel Berl. a[Paris] : bGallimard, c1968. a366 p., [32] p. de lám. : bil. ; c21 cm.1 aTrente journées qui ont fait la France ; v29 aBibliogr. p. [353]-356. 4aFrancia-xHistoria-y1870-1940, III República98697 4aFrancia-xHistoria-y1940-1945, Ocupación alemana.91394860 aTrente journées qui ont fait la France ; v299182109 aES-MaACLjE-15473 c184080d184080 00104070aATENEOMbATENEOMcDEPO2d2015-03-12eCOMl0oE-15473p1193591r2023-02-23 00:00:00w2023-02-23yMONOGRAFIA